100 Harry Potter Movie Questions - Statistics

General Stats
  • This quiz has been taken 537 times
    446 since last reset
  • The average score is 79 of 100
Answer Stats
Question Answer % Correct
On which platform did Harry board the train to Hogwarts? 9 3/4
96%
In which house the Sorting hat put Harry Potter? Gryffindor
95%
In which house the sorting hat put Draco Malfoy? Slytherin
95%
Who delivered the letters to Harry's house? Owls
94%
Which professor was the head of the Slytherin house? Severus Snape
94%
What is the name of the levitation spell? Wingardium Leviosa
94%
What happened to Harry's parents? They were killed by Voldemort
93%
At what address did Harry Potter live? 4 Privet Drive
92%
What animal is Mr Filch's pet Mrs Norris? Cat
92%
Who did Harry and Ron disguise themselves as using a polyjuice potion to interrogate Draco Malfoy? Crabbe and Goyne
91%
What creature attacked Harry in the Chamber of Secrets? Basilisk
90%
Who closed the barrier on the train platform and prevented Harry and Ron from boarding the train to Hogwarts? Dobby
90%
Who did Harry defeat to get the Philosopher's Stone? Quirinus Quirrell
90%
Who rescued Harry from his room in a flying car? Ron, George & Fred
90%
Who was revealed to be Harry's godfather? Sirius Black
90%
Who are the guards of Azkaban? Dementors
89%
In Hagrid's class, who provoked Buckbeak to attack him? Draco
89%
Which spell protects from Dementors? Expecto Patronum
89%
Who opened the Chamber of Secrets? Ginny
89%
What did Harry do to Uncle Vernon's sister Marge when she insulted him and his parents? He inflated and floated her away
89%
Who was Dobby's master before Harry set him free? Lucius Malfoy
89%
What is the name of the language that Harry uses to communicate with snakes? Parseltongue
89%
What is the name of Hagrid's dog? Fang
88%
Who was Nicolas Flamel? Maker of the Philosopher's Stone
88%
Who turned into a werewolf and attacked Harry, Ron and Hermione? Remus Lupin
88%
What subject did Gilderoy Lockhart teach? Defence Against the Dark Arts
87%
What is the name of Dumbledore's pet phoenix? Fawkes
87%
Who guarded the Philosopher's stone? Fluffy
87%
Who betrayed Harrys parents? Peter Pettigrew
87%
Which Triwizard champion was killed in the graveyard in their third task? Cedric
86%
Who was the only person who survived the Killing curse? Harry
86%
Who attacked the campsite after the Quidditch World Cup tournament? Death Eaters
84%
Why was Harry expelled from Hogwarts? For using magic outside Hogwarts
84%
Who is Draco's mother? Narcissa
84%
What Wizarding newspaper does Rita Skeeter work for? The Daily Prophet
84%
Who tortured Neville's parents into insanity? Bellatrix
83%
Who killed Sirius Black? Bellatrix
83%
Who did Voldemort choose to carry out a secret mission at Hogwarts? Draco Malfoy
83%
Whose name Ron called when he was laying in the hospital bed? Hermione's
83%
Who are the Muggles? Non-magical people
83%
Who disguised as Mad-Eye Moody and put Harry's name in the Goblet of Fire? Barty Crouch Jr.
82%
What magical object contains pieces of a wizard's soul for immortality? Horcrux
82%
What did Harry Potter anonymously get for Christmas? Invisibility cloak
82%
Who did the Goblet choose for Beauxbatons to compete in the Triwizard Tournament? Fleur Delacour
81%
Who is the owner of the wand shop? Garrick Ollivander
81%
Who was Harry's date on the Yule Ball? Parvati Patil
81%
Who is the Half-Blood prince? Severus Snape
81%
Who killed Albus Dumbledore? Severus Snape
81%
What is the name of Harry's and Ginny's son? Albus Severus
80%
Who did Harry first kiss? Cho
80%
What is the name of Hagrid's half-brother? Grawp
80%
Who transformed into Bellatrix Lestrange in order to get to her vault at Gringotts bank? Hermione
80%
Who Ron started dating after he made the Gryffindor Quidditch team as Keeper? Lavender
80%
Who decapitated Voldemort's snake Nagini? Neville
80%
Who saved Harry, Ron, Hermione and Luna from Malfoys Manor? Dobby
79%
What simple spell lights up the tip of the wand? Lumos
79%
What animal was Hermione partially transformed into and had to stay in hospital after using the polyjuice potion? Cat
78%
What is Professor McGonagall’s animagus? Cat
78%
Where did Harry find a note made by "half-blood prince"? In the book
78%
Who killed Bellatrix Lestrange? Molly Weasley
78%
Who is the ghost of Gryffindor house? Nearly Headless Nick
78%
Who owed the house that was used as the headquarters of the Order of the Phoenix? Sirius Black
78%
What is Ron famously afraid of? Spiders
78%
What is the home of the Weasley family known as? The Burrow
78%
Who occupies the painting concealing the entrance to the Gryffindor common room? The Fat Lady
78%
What species are visible only to those who have experienced loss through death? Thestrals
78%
Which Weasley brother did Fleur Delacour marry? Bill
77%
What is not one of the three magical objects that appear in the Deathly Hallows? Secrecy Sensor
77%
What dragon did Harry have to face on his first quest and collect his egg? The Hungarian Horntail
77%
Who showed Harry, Ron and Hermione what symbol represents the Deathly Hallows? Xenophilius Lovegood
77%
What is the name of Albus Dumbledore's brother who revealed a secret passageway into Hogwarts? Aberforth
76%
What bequest Dumbledore left to Ron? Deluminator
76%
Who temporarily replaced Dumbledore as Headmaster of Hogwarts? Dolores Umbridge
76%
Where did Voldemort retrieve the Elder Wand from? Dumbledore's tomb
76%
Who was killed during the move of Harry to a safe location? Mad-Eye Moody
76%
What happened to Moaning Myrtle? She was killed by basilisk
76%
How many magical objects contained Voldemort's soul? 6
75%
Who founded the Order of the Phoenix? Albus Dumbledore
75%
Besides Ron, who did Harry save from the lake in his second task? Gabrielle
75%
What is Harry's signature spell in fights with Death Eaters? Expelliarmus
74%
Where was the final Horcrux located? In the snake
74%
Where did Harry find the Sword of Gryffindor? On the bottom of the pond
74%
What type of furniture was Horace Slughorn disguised when Dumbledore and Harry met him? Armchair
73%
What is the Leaky Cauldron? The pub located on the Muggle street
73%
Who was Ginny first dating? Dean Thomas
71%
Who was claiming being a mole within the Order of the Phoenix? Severus Snape
71%
Who is the proprietor of The Three Broomsticks in the village of Hogsmeade? Madam Rosmerta
70%
When is Harry's birthday? 31st July
69%
How many players are there on each quidditch team? 7
68%
How many children Arthur and Molly Weasley have? 7
68%
What was not one of the Voldemort's Horcruxes? Sword of Gryffindor
68%
What is the name of the stone basin used to review memories? Pensieve
65%
What is the minimum age to participate in the Triwizard Tournament? 17
64%
What healing spell heals relatively minor injuries? Episkey
60%
What object Harry, Ron, and Hermione recovered when they infiltrated the Ministry? Locket
60%
Who didn't Harry see in his dream at the Riddle House? Lucius Malfoy
59%
What London's landmark the Death Eaters destroyed? Millennium Bridge
50%
Which dragon Harry, Ron and Hermoine released and flee Gringotts on its back? The Ukrainian Ironbelly
46%
Who became the headmaster of Hogwarts after Dumbledore's death? Severus Snape
44%
Who was the first to escape from Azkaban? Barty Crouch Jr.
14%
No matching quizzes found
Score Distribution
Percent of People with Each Score
Percentile by Number Answered
Your Score History
You have not taken this quiz since the last reset